000 00558nam a22002177a 4500
003 UA-OsUOA
001 135174
007 ta
008 20190115b un ||||| |||| 00| 0 ukr d
100 _aСобко І.
090 _a908
_bС54
942 _cSA
040 _aUA-OsUOA
_bukr
_cUA-OsUOA
_dUA-OsUOA
245 _aВ Острозі відбудеться фестиваль Різдвяних піснеспівів
300 _aС.7
955 _a0
041 _aukr
080 _a908
773 0 _w135173
650 7 _a908 Краєзнавство
_2UDC
999 _c408328
_d408328